| 000 | 01101nam a2200325Ia 4500 | ||
|---|---|---|---|
| 005 | 20251020182452.0 | ||
| 008 | 200515s9999 xx 000 0 und d | ||
| 020 | _a84-329-6203-1 | ||
| 082 | _a621.315.2/R21/t.1 | ||
| 100 | _aRamírez Vázquez, José | ||
| 245 | 0 | _aCables subterráneos : I Conductores y condiciones de servicio | |
| 250 | _a1a ed. | ||
| 260 | _aBarcelona | ||
| 260 | _bCEAC | ||
| 260 | _c1974 | ||
| 300 | _a205 p. | ||
| 300 | _bil., tbl., graf. | ||
| 490 | _amonografías ceac de electricidad | ||
| 500 | _a2 ejemplares. Tomo I | ||
| 520 | _aCaracterísticas generales de todos los cables subterráneos, materiales conductores y aislantes que se emplean, ejemplos constructivos, designación según normas UNE y cables subterráneos especiales. normas para la elección de cables subterráneos y condicio | ||
| 650 | _aCABLES ELECTRICOS | ||
| 650 | _aCABLES SUBTERRANEOS | ||
| 650 | _aCONDUCTORES ELECTRICOS | ||
| 650 | _aELECTRICIDAD | ||
| 650 | _aELECTROTECNIA | ||
| 650 | _aINSTALACIONES ELECTRICAS | ||
| 942 | _cLIB | ||
| 999 |
_c892 _d892 |
||